Strabo's Geographie / Bändchen 1 : Abth. 1

Saved in:  
Bibliographic Details
Main Author: Strabo 63 v.Chr.-23 (Author)
Format: Print Book
Language:German
Subito Delivery Service: Order now.
Check availability: HBZ Gateway
WorldCat: WorldCat
Interlibrary Loan:Interlibrary Loan for the Fachinformationsdienste (Specialized Information Services in Germany)
Published: Stuttgart Metzler 1829 [erschienen] 1831
Wien Mörschner und Jasper in Comm. 1829 [erschienen] 1831
In: Strabo's Geographie
Year: 1831
Series/Journal:Griechische Prosaiker in neuen Uebersetzungen 63

MARC

LEADER 00000cam a2200000 cc4500
001 1094729078
003 DE-627
005 20240429191435.0
007 tu
008 910704s1831 xx ||||| 00| ||ger c
035 |a (DE-627)1094729078 
035 |a (DE-576)024729078 
035 |a (DE-599)BSZ024729078 
035 |a (OCoLC)1395945627 
035 |a (OCoLC)311392424 
040 |a DE-627  |b ger  |c DE-627  |e rakwb 
041 |a ger 
084 |a 1  |2 ssgn 
084 |a NH 2972  |2 rvk  |0 (DE-625)rvk/125560:240 
100 0 |0 (DE-588)118618806  |0 (DE-627)079407986  |0 (DE-576)16321607X  |4 aut  |a Strabo  |d 63 v.Chr.-23 
245 1 0 |a Strabo's Geographie  |n Bändchen 1 : Abth. 1  |c Uebersetzt von Karl Kärcher 
264 1 |a Stuttgart  |b Metzler  |c 1829 [erschienen] 1831 
264 1 |a Wien  |b Mörschner und Jasper in Comm.  |c 1829 [erschienen] 1831 
300 |a [1] Bl., 136 S. 
336 |a Text  |b txt  |2 rdacontent 
337 |a ohne Hilfsmittel zu benutzen  |b n  |2 rdamedia 
338 |a Band  |b nc  |2 rdacarrier 
490 1 |a Griechische Prosaiker in neuen Übersetzungen  |v 63 
500 |a Erscheinungsjahr 1831 vom Zwischentitelbl. für die "Erste Abtheilung". Dieses Titelbl. und das für den GT "Griechische Prosaiker ..." fehlt in einzelnen Exemplaren 
583 1 |a Archivierung/Langzeitarchivierung gewährleistet  |f SLG  |x XA-DE-BW  |z Bibliothek Alfred Mombert  |2 pdager  |5 DE-31 
583 1 |a Archivierung/Langzeitarchivierung gewährleistet  |f SSG  |x XA-DE-BW  |2 pdager  |5 DE-21 
751 |a Stuttgart  |0 (DE-588)4058282-6  |0 (DE-627)106147811  |0 (DE-576)209125608  |4 pup 
751 |a Wien  |0 (DE-588)4066009-6  |0 (DE-627)106115952  |0 (DE-576)209161965  |4 pup 
773 1 8 |a Strabo's Geographie  |w (DE-627)1089045697  |w (DE-576)019045697  |g 1 : Abth. 1  |q 1  |7 nnam 
830 0 |a Griechische Prosaiker in neuen Uebersetzungen  |v 63  |9 63  |w (DE-627)31985812X  |w (DE-576)000309524  |w (DE-600)1134934-7  |7 am 
935 |a mteo 
936 r v |a NH 2972  |b Übersetzungen  |k Geschichte  |k Griechisch-römische Geschichte  |k Griechische und lateinische Schriftsteller (Inschriften bei ND 4200 ff)  |k Griechische Schriftsteller  |k Schriftsteller S  |k Strabon  |k Übersetzungen  |0 (DE-627)1272171221  |0 (DE-625)rvk/125560:240  |0 (DE-576)202171221 
951 |a MV 
ELC |b 1 
ITA |a 1  |t 1 
LOK |0 000 xxxxxcx a22 zn 4500 
LOK |0 001 2952669554 
LOK |0 003 DE-627 
LOK |0 004 1094729078 
LOK |0 005 20170131173353 
LOK |0 008 170131||||||||||||||||ger||||||| 
LOK |0 040   |a DE-21  |c DE-627  |d DE-21 
LOK |0 852   |a DE-21 
LOK |0 852 1  |c Cd 11430-1/4:1  |9 00 
LOK |0 935   |a abe5 
LOK |0 939   |a 31-01-17  |b l01 
LOK |0 000 xxxxxcx a22 zn 4500 
LOK |0 001 2952669562 
LOK |0 003 DE-627 
LOK |0 004 1094729078 
LOK |0 005 20170131173353 
LOK |0 008 170131||||||||||||||||ger||||||| 
LOK |0 040   |a DE-21  |c DE-627  |d DE-21 
LOK |0 852   |z Titelblatt für "Griechische Prosaiker" fehlt 
LOK |0 852   |a DE-21 
LOK |0 852 1  |c Cd 11430-1/4:2  |9 00 
LOK |0 935   |a abe5 
LOK |0 939   |a 31-01-17  |b l02 
LOK |0 000 xxxxxcx a22 zn 4500 
LOK |0 001 2167292570 
LOK |0 003 DE-627 
LOK |0 004 1094729078 
LOK |0 005 20130319175815 
LOK |0 008 950717||||||||||||||||ger||||||| 
LOK |0 040   |a DE-21-31  |c DE-627  |d DE-21-31 
LOK |0 541   |e 1242 
LOK |0 852   |z Bd. 1-4 zusammengebunden 
LOK |0 852   |a DE-21-31 
LOK |0 852 1  |c Cn I 970:3-1.4  |m p  |9 00 
LOK |0 852 2  |b Magazin  |9 00 
LOK |0 938   |k p 
LOK |0 939   |a 17-07-95  |b l01 
LOK |0 000 xxxxxcx a22 zn 4500 
LOK |0 001 2565253400 
LOK |0 003 DE-627 
LOK |0 004 1094729078 
LOK |0 005 20121221113501 
LOK |0 008 080307||||||||||||||||ger||||||| 
LOK |0 040   |a DE-21-32a  |c DE-627  |d DE-21-32a 
LOK |0 541   |e 30471-1 
LOK |0 852   |a DE-21-32a 
LOK |0 852 1  |c SA 88 a-1/4  |m p  |9 00 
LOK |0 852 2  |b sekr. Zi. 506  |9 00 
LOK |0 935   |a k32a  |a i32a  |a kneu  |a z506 
LOK |0 938   |k p 
LOK |0 939   |a 07-03-08  |b l01 
ORI |a SA-MARC-ixtheoa001.raw